<?xml version="1.0" encoding="UTF-8"?>
<record
    xmlns:xsi="http://www.w3.org/2001/XMLSchema-instance"
    xsi:schemaLocation="http://www.loc.gov/MARC21/slim http://www.loc.gov/standards/marcxml/schema/MARC21slim.xsd"
    xmlns="http://www.loc.gov/MARC21/slim">

  <leader>00755nam a2200205Ia 4500</leader>
  <controlfield tag="003">GCL</controlfield>
  <controlfield tag="008">140319s9999    xx            000 0 ara d</controlfield>
  <datafield tag="040" ind1=" " ind2=" ">
    <subfield code="a">GCL / </subfield>
    <subfield code="c">GCL</subfield>
  </datafield>
  <datafield tag="082" ind1="0" ind2="4">
    <subfield code="a">956.52</subfield>
    <subfield code="b">&#x639; &#x62D;</subfield>
  </datafield>
  <datafield tag="100" ind1="1" ind2=" ">
    <subfield code="a">&#x639;&#x628;&#x62F;&#x627;&#x644;&#x641;&#x62A;&#x627;&#x62D; &#x631;&#x648;&#x627;&#x633; &#x642;&#x644;&#x639;&#x629; &#x62C;&#x649;</subfield>
  </datafield>
  <datafield tag="245" ind1="1" ind2="0">
    <subfield code="a">&#x62D;&#x644;&#x628; &#x627;&#x644;&#x642;&#x62F;&#x64A;&#x645;&#x629; &#x648;&#x627;&#x644;&#x62D;&#x62F;&#x64A;&#x62B;&#x629;: &#x627;&#x633;&#x645;&#x627;&#x624;&#x647;&#x627; &#x648;&#x62D;&#x643;&#x627;&#x645;&#x647;&#x627; &#x648;&#x627;&#x62D;&#x62F;&#x627;&#x62B;&#x647;&#x627; &#x627;&#x628;&#x648;&#x627;&#x628;&#x647;&#x627; &#x648;&#x627;&#x633;&#x648;&#x627;&#x642;&#x647;&#x627; &#x648;&#x627;&#x62D;&#x64A;&#x627;&#x624;&#x647;&#x627; / </subfield>
    <subfield code="c">&#x639;&#x628;&#x62F;&#x627;&#x644;&#x641;&#x62A;&#x627;&#x62D; &#x631;&#x648;&#x627;&#x633; &#x642;&#x644;&#x639;&#x629; &#x62C;&#x649;</subfield>
  </datafield>
  <datafield tag="260" ind1=" " ind2=" ">
    <subfield code="a">&#x628;&#x64A;&#x631;&#x648;&#x62A; : </subfield>
    <subfield code="b">&#x645;&#x624;&#x633;&#x633;&#x629; &#x627;&#x644;&#x631;&#x633;&#x627;&#x644;&#x629; &#x60C; </subfield>
    <subfield code="c">1989</subfield>
  </datafield>
  <datafield tag="300" ind1=" " ind2=" ">
    <subfield code="a">496 &#x635; &#x61B; </subfield>
    <subfield code="c">24 &#x633;&#x645;</subfield>
  </datafield>
  <datafield tag="490" ind1=" " ind2=" ">
    <subfield code="a"></subfield>
  </datafield>
  <datafield tag="650" ind1="0" ind2="4">
    <subfield code="a">&#x627;&#x644;&#x639;&#x627;&#x644;&#x645; &#x627;&#x644;&#x639;&#x631;&#x628;&#x649;</subfield>
  </datafield>
  <datafield tag="650" ind1="0" ind2="4">
    <subfield code="a">&#x633;&#x648;&#x631;&#x64A;&#x627; - &#x62A;&#x627;&#x631;&#x64A;&#x62E;</subfield>
  </datafield>
  <datafield tag="650" ind1="0" ind2="4">
    <subfield code="a">&#x62D;&#x644;&#x628; - &#x62A;&#x627;&#x631;&#x64A;&#x62E;</subfield>
  </datafield>
  <datafield tag="650" ind1="0" ind2="4">
    <subfield code="a">&#x627;&#x644;&#x639;&#x627;&#x644;&#x645; &#x627;&#x644;&#x639;&#x631;&#x628;&#x649; - &#x62A;&#x627;&#x631;&#x64A;&#x62E;</subfield>
  </datafield>
  <datafield tag="942" ind1=" " ind2=" ">
    <subfield code="2">ddc</subfield>
    <subfield code="c">BK</subfield>
  </datafield>
  <datafield tag="999" ind1=" " ind2=" ">
    <subfield code="c">38809</subfield>
    <subfield code="d">38809</subfield>
  </datafield>
  <datafield tag="952" ind1=" " ind2=" ">
    <subfield code="0">0</subfield>
    <subfield code="1">0</subfield>
    <subfield code="4">0</subfield>
    <subfield code="7">0</subfield>
    <subfield code="a">CAI</subfield>
    <subfield code="b">CAI</subfield>
    <subfield code="d">2014-03-26</subfield>
    <subfield code="l">0</subfield>
    <subfield code="o">956.52\&#x639; &#x62D;</subfield>
    <subfield code="p">94626</subfield>
    <subfield code="r">2014-03-26 00:00:00</subfield>
    <subfield code="w">2014-03-26</subfield>
    <subfield code="y">BK</subfield>
  </datafield>
  <datafield tag="952" ind1=" " ind2=" ">
    <subfield code="0">0</subfield>
    <subfield code="1">0</subfield>
    <subfield code="4">0</subfield>
    <subfield code="7">0</subfield>
    <subfield code="a">CAI</subfield>
    <subfield code="b">CAI</subfield>
    <subfield code="d">2014-03-26</subfield>
    <subfield code="l">0</subfield>
    <subfield code="o">956.52\&#x639; &#x62D;</subfield>
    <subfield code="p">94627</subfield>
    <subfield code="r">2014-03-26 00:00:00</subfield>
    <subfield code="w">2014-03-26</subfield>
    <subfield code="y">BK</subfield>
  </datafield>
</record>
